000 00837nam a2200217 a 4500
001 000030632
005 20240412074255.0
008 110525s2011 dr c r 001 pdspa d
040 _aDO-SdBNP
_bspa
_cBNPHU
082 _aRD861.5
_bD542y
100 1 _aDíaz Ortíz, Edwin E.,
_d1976-
_957216
245 1 0 _aY se harán una sola carne /
_cEdwin E. Díaz Ortíz ; prólogo Rowland J. Bosch.
260 _aSanto Domingo :
_bUniversitaria-UASD,
_c2011.
300 _a159 p. :
_bil., retr. ;
_c21 cm.
505 0 _gPrólogo /
_rRowland J. Bosch --
_tPreludio --
_tEl cortejo --
_tCompromiso --
_tOcasos --
_tHacia el altar --
_gAnexos.
590 _aInventariado, 2019 / DG
650 0 _aPoesía dominicana
_966
650 0 _aLiteratura dominicana.
_967
700 1 _aBosch, Rowland J.,
_epról.
_957217
910 _aValidado. Control de calidad. EMS
999 _c30124
_d30124